Animais A-Z A-Z - Statistics

Estatísticas Gerais
  • Esse quiz foi jogado 589 vezes
  • A pontuação média é 16 de 24
Estatísticas das Respostas
Imagem Hint Resposta % Correto
B Baleia
100%
E Elefante
94%
H Hiena
90%
M Morcego
90%
P Pato
90%
O Ovelha
89%
R
89%
U Urso
89%
T Tatu
87%
I Iguana
86%
Z Zebra
86%
J Jiboia
80%
G Gaivota
79%
L Lagartixa
79%
S Salamandra
63%
Q Quati
61%
K Kiwi
60%
D Doninha
53%
F Faisão
41%
Y Yak
22%
W Wombat
19%
C Catatua
11%
X Xixarro
3%
V Vúva negra
2%
Nenhum quiz correspondente encontrado
Distribuição das Pontuações
Porcentagem de Pessoas com Cada Pontuação
Percentil de Números Respondidos
Sua Pontuação Histórica
Você não jogou esse quiz